| 000 | 00775nam a2200181 a 4500 | ||
|---|---|---|---|
| 005 | 20140412111251.0 | ||
| 008 | 000823s19uu xx 00 eng d | ||
| 020 | _a0-590-44178-7 | ||
| 050 |
_aTR(PS E _bFr92 1991 |
||
| 100 | _aTeague, Mark | ||
| 245 |
_aFrog medicine / _cby Mark Teague. |
||
| 260 |
_aNew York : _bScholastic Inc, _c1991. |
||
| 300 | _a1 v. (unp.) ; ill. | ||
| 520 | _aElmo Freem can't believe he has to do a book report on a dumb book called Frog Medicine. But suddenly, the book doesn't seem so dumb when he finds himself turning into a frog. Time to go to Frogtown and find the author of the book, where Elmo learns lots about frogs, book reports, and life in general! | ||
| 650 | _aFrogs-Fiction | ||
| 650 | _aMedicines-Fiction | ||
| 999 |
_c103164 _d103164 |
||